000 00957nam a22003137a 4500
001 0033333
003 KOHA_MİRAKIL
005 20260207002850.0
007 ta
008 120224b2009 tu a|||gr||||#||||0|tur |
020 _a9789758195374
040 _aTR-BiSEU
_btur
_cTR-BiSEU
_erda
041 0 _atur
044 _ctu
050 _aHC492
_b.K39 2009
100 1 _aKaya, Ayşe.
245 1 _aTürkiye'de bölgesel net mali yansıma/
_cAyşe Kaya ; Ayşe Kaya.
264 1 _aAnkara :
_bMaliye Bakanlığı Strateji Geliştirme Başkanlığı
_c2009
300 _axi, 97 s. ;
_c24 cm.
336 _ametin
_btxt
_2rdacontent
337 _aaracısız
_bn
_2rdamedia
338 _acilt
_bnc
_2rdacarrier
500 _aKaynakça var.
650 0 _aTurkey--Economic history.
_916122
650 0 _aTurkey--Economic conditions.
_98442
650 0 _aTürkiye--Ekonomik tarih.
_964751
650 0 _aTürkiye--Ekonomik durum.
_98444
942 _2lcc
_cBK
999 _c33352
_d33352